1524 1450 1126 1240 1458 1578 1173 1831 1354 1021 1337 1821 1522 1356 1952 1337 1489 1443 1420 1200 1888 1799 1952 1089 1240 1045 1816 1224 1701 1265 1205 1128 1390 1310 1254 1688 1289 1203 1115 1545 1403 1933 1455 1556 1737 1808 1424 1636 1507 1625 1457 1903 1799 1986 1398 1270 1119 1020 1358 1730 1397 1036 1473 1637 1619 1742 1574 1822 1751 1287 1337 1951 1760 1031 1546 1213 1300 1766 1923 1754 1663 1617 1139 1611 1245 1039 1456 1039 1961 1334 1834 1450 1797 1907 1618 1260 1155 1518 1315 BCNSPRNW ULIB Ver.6.0+V

เปลี่ยนเป็นภาษาไทย

Change to English
 แสดงรายละเอียดบรรณานุกรม
  กลับหน้าหลัก

Brief Record : Get Marc (ISO 2709) : E-mail record : QR code < ปิดหน้าต่าง
LEADER : 00000nam 2200000uu 4500
001    13399127463
003     ULIB
008    200529s2020||||th 000 0 tha d
020    ^a9780702077630
060    ^aQV39^bC367N
100    ^aCatrin Page (Author)
245    ^aNursing Essentials: Drugs
250    ^a1st ed
260    ^aNew York :^bELSEVIER,^c2020
300    ^a80 pages;^b15 cm
650    ^aNursing Drugs
945    ^p0^l0^i28365
945    ^p0^l0^i28366
945    ^p0^l0^i28367
945    ^p0^l0^i28368
945    ^p0^l0^i28369
999    ^aกัณชพร จุลอักษร
รายการนี้ยังไม่มีแท็ก
คุณยังไม่ได้ล็อกอิน คุณสามารถมีกิจกรรมร่วมกับเว็บไซต์ได้ แต่ต้องล็อกอินก่อน ::
  ล็อกอิน

รายการสื่อสารสนเทศ

ลำดับที่ ประเภท เลขเรียก/บาร์โค้ด สถานที่ สถานะ
1. หนังสือสำรอง
หนังสือสำรอง
QV39 C367N ฉ.1 
  Barcode: 28365
ห้องสมุดวิทยาเขตนครสวรรค์
►หนังสือทั่วไป:l:General Books
บนชั้น
2. วิทยาศาสตร์การแพทย์ และสุขภาพ
วิทยาศาสตร์การแพทย์ และสุขภาพ
QV39 C367N ฉ.2 
  Barcode: 28366
ห้องสมุดวิทยาเขตนครสวรรค์
►หนังสือทั่วไป:l:General Books
บนชั้น
3. วิทยาศาสตร์การแพทย์ และสุขภาพ
วิทยาศาสตร์การแพทย์ และสุขภาพ
QV39 C367N ฉ.3 
  Barcode: 28367
ห้องสมุดวิทยาเขตนครสวรรค์
►หนังสือทั่วไป:l:General Books
บนชั้น
4. วิทยาศาสตร์การแพทย์ และสุขภาพ
วิทยาศาสตร์การแพทย์ และสุขภาพ
QV39 C367N ฉ.4 
  Barcode: 28368
ห้องสมุดวิทยาเขตนครสวรรค์
►หนังสือทั่วไป:l:General Books
บนชั้น
5. วิทยาศาสตร์การแพทย์ และสุขภาพ
วิทยาศาสตร์การแพทย์ และสุขภาพ
QV39 C367N ฉ.5 
  Barcode: 28369
ห้องสมุดวิทยาเขตนครสวรรค์
►หนังสือทั่วไป:l:General Books
บนชั้น

รายการใกล้เคียง
    ชื่อเรื่อง [Nursing Essentials: Drugs]

BibComment


ยังไม่เคยถูกคอมเมนท์

คอมเมนท์ทรัพยากรรายการนี้
  คอมเมนท์: Nursing Essentia..


 Copyright 2026. Bcnsprnw @Library